Философия в вопросах и ответах, Учебное пособие для подготовки к экзаменам

Bibliografski detalji
Daljnji autori: В. А. Ахтямова (340), Е. А. Бугарчева, А. Р. Вознесенская, Н. Я. Зарецкая, В. И. Курашов, Е. В. Левашёва, А. А. Мавлюдов, Ю. Г. Матушанская, О. Н. Морозова, С. В. Орешина, А. Т. Свергузов, И. И. Чечеткина, Г. Э. Шалагина
Sažetak:Книга находится в премиум-версии платформы «Русский как иностранный».
В краткой форме освещены этапы развития философского знания, основные разделы философских учений: онтология (бытие, сознание, субстанция, материя, пространство и время), гносеология (истина, диалектика познания), социальная философия (общество, человек в системе социальных связей, социальное пространство и время), философская антропология. Предназначено для студентов всех уровней обучения, особенно полезно для студентов заочной формы обучения и студентов-иностранцев.
Гарантированный срок размещения на платформе до 18.01.2028 (автопролонгация)
Izdano: Казань, Казанский национальный исследовательский технологический университет, 2016
Izdanje:Философия в вопросах и ответах
Teme:
Online pristup:Перейти к просмотру издания
Format: MixedMaterials Elektronički

MARC

LEADER 00000 a2200000 4500
001 RU/ROS-EDU.RU/63533
856 4 |u https://www.ros-edu.ru/book?id=63533  |z Перейти к просмотру издания 
010 |a 978-5-7882-1928-8 
205 |a Философия в вопросах и ответах  |b 2028-01-18 
333 |a Гарантированный срок размещения на платформе до 18.01.2028 (автопролонгация) 
100 |a 20160101d2016 |||y0rusy0250   |s 2028-01-18 
105 |a y z 000zy 
101 0 |a rus 
102 |a RU 
200 1 |a Философия в вопросах и ответах  |b Электронный ресурс  |e Учебное пособие для подготовки к экзаменам  |f В. А. Ахтямова [и др.]  |g ред.: В. И. Курашов, Г. Э. Шалагина 
701 1 |b В. А.  |a Ахтямова  |4 070 
701 1 |b Е. А.  |a Бугарчева  |4 070 
701 1 |b А. Р.  |a Вознесенская  |4 070 
701 1 |b Н. Я.  |a Зарецкая  |4 070 
701 1 |b В. И.  |a Курашов  |4 070 
701 1 |b Е. В.  |a Левашёва  |4 070 
701 1 |b А. А.  |a Мавлюдов  |4 070 
701 1 |b Ю. Г.  |a Матушанская  |4 070 
701 1 |b О. Н.  |a Морозова  |4 070 
701 1 |b С. В.  |a Орешина  |4 070 
701 1 |b А. Т.  |a Свергузов  |4 070 
701 1 |b И. И.  |a Чечеткина  |4 070 
701 1 |b Г. Э.  |a Шалагина  |4 070 
702 1 |b В. И.  |a Курашов  |4 340 
702 1 |b Г. Э.  |a Шалагина  |4 340 
330 |a В краткой форме освещены этапы развития философского знания, основные разделы философских учений: онтология (бытие, сознание, субстанция, материя, пространство и время), гносеология (истина, диалектика познания), социальная философия (общество, человек в системе социальных связей, социальное пространство и время), философская антропология. Предназначено для студентов всех уровней обучения, особенно полезно для студентов заочной формы обучения и студентов-иностранцев. 
210 |a Казань  |c Казанский национальный исследовательский технологический университет  |d 2016 
610 1 |a философия 
610 1 |a учение 
610 1 |a онтология 
610 1 |a гносеология 
610 1 |a антропология 
675 |a 16 
686 |a 87.2  |2 rubbk 
300 |a Книга находится в премиум-версии платформы «Русский как иностранный». 
215 |a 141 с.